|
|
|
|
| LEADER |
03376nam a22004935i 4500 |
| 001 |
978-3-319-59198-8 |
| 003 |
DE-He213 |
| 005 |
20170713161705.0 |
| 007 |
cr nn 008mamaa |
| 008 |
170713s2017 gw | s |||| 0|eng d |
| 020 |
|
|
|a 9783319591988
|9 978-3-319-59198-8
|
| 024 |
7 |
|
|a 10.1007/978-3-319-59198-8
|2 doi
|
| 040 |
|
|
|d GrThAP
|
| 050 |
|
4 |
|a RD651-678
|
| 072 |
|
7 |
|a MNK
|2 bicssc
|
| 072 |
|
7 |
|a MED085000
|2 bisacsh
|
| 072 |
|
7 |
|a MED062000
|2 bisacsh
|
| 082 |
0 |
4 |
|a 616.994
|2 23
|
| 245 |
1 |
0 |
|a Managing BRCA Mutation Carriers
|h [electronic resource] /
|c edited by Anees B. Chagpar.
|
| 264 |
|
1 |
|a Cham :
|b Springer International Publishing :
|b Imprint: Springer,
|c 2017.
|
| 300 |
|
|
|a XI, 242 p. 24 illus., 21 illus. in color.
|b online resource.
|
| 336 |
|
|
|a text
|b txt
|2 rdacontent
|
| 337 |
|
|
|a computer
|b c
|2 rdamedia
|
| 338 |
|
|
|a online resource
|b cr
|2 rdacarrier
|
| 347 |
|
|
|a text file
|b PDF
|2 rda
|
| 505 |
0 |
|
|a Risk Assessment for Breast Cancer -- Genetic Evaluation for Women at Increased Risk -- Imaging Screening and Surveillance -- Risk Reducing Surgery for BRCA1/2 Genetic Mutation Carriers -- Prophylactic Oophorectomy for Patients with Germline BRCA Mutations -- Pathology of BRCA Tumors -- Surgical Management of Breast Cancer in BRCA Mutation Carriers -- Medical Management of Breast Cancer in BRCA Mutation Carriers -- Radiation Oncology Considerations in the Management of Mutation Carriers with Breast Cancer -- Fertility Preservation in BRCA Carriers: Special Considerations -- Management of Male BRCA Mutation Carriers -- Psychosocial, Ethical, and Legal Implications for Mutation Carriers.
|
| 520 |
|
|
|a As there are a number of nuances in terms of how to manage mutation carriers (both with and without a concomitant diagnosis of breast cancer), this text provides a comprehensive, state-of-the art review of this field. It represents a valuable resource for a myriad of clinicians and healthcare personnel who interface with these patients. The text discusses the latest recommendations for genetic counseling and risk assessment, provides a framework for considering reducing risk in mutation carriers who do not present with a concomitant diagnosis of breast cancer, and finally elucidates the many considerations of managing a breast cancer patient with a BRCA mutation. The text presents a multidisciplinary approach gleaning insights from imaging, breast surgery, gynecology, plastic surgery, medical oncology, radiation oncology and psycho-oncology. Managing BRCA Mutation Carriers will be a useful resource for physicians and healthcare providers from a myriad of disciplines who manage BRCA mutation carriers. All chapters are written by experts in their fields and include the most up to date scientific and clinical information.
|
| 650 |
|
0 |
|a Medicine.
|
| 650 |
|
0 |
|a Human genetics.
|
| 650 |
|
0 |
|a Oncology.
|
| 650 |
|
0 |
|a Pathology.
|
| 650 |
|
0 |
|a Surgical oncology.
|
| 650 |
1 |
4 |
|a Medicine & Public Health.
|
| 650 |
2 |
4 |
|a Surgical Oncology.
|
| 650 |
2 |
4 |
|a Pathology.
|
| 650 |
2 |
4 |
|a Oncology.
|
| 650 |
2 |
4 |
|a Human Genetics.
|
| 700 |
1 |
|
|a B. Chagpar, Anees.
|e editor.
|
| 710 |
2 |
|
|a SpringerLink (Online service)
|
| 773 |
0 |
|
|t Springer eBooks
|
| 776 |
0 |
8 |
|i Printed edition:
|z 9783319591971
|
| 856 |
4 |
0 |
|u http://dx.doi.org/10.1007/978-3-319-59198-8
|z Full Text via HEAL-Link
|
| 912 |
|
|
|a ZDB-2-SME
|
| 950 |
|
|
|a Medicine (Springer-11650)
|